000 00628nam a22001337a 4500
040 _cRUA
082 _aAGR RIN 2017 B635 Or.1
100 _aRIN PHALLA រិន ផល្លា
245 _aeffect of organic fertilizer on growth and yield of celery cabbage ឥទ្ធិពលជីសរីរាង្គលាមកគោទៅលើការលូតលាស់និងទិន្នផលរបស់ស្ពៃចង្កឺះ
260 _aRUA
_bphnom penh
_c2017
300 _aix;37p
_bill;
_c29cm;
856 _uhttps://drive.google.com/file/d/1vd8WEEZobsUvo6HBetnWOfUsgCM1F5y9/view?usp=sharing
942 _cAGR
999 _c17982
_d17982